000 00445nam a2200169 a 4500
001 0000-8936
003 ELIB.Books
008 110520 1895
035 _a(ELIB.Books)0000-9084
082 _a246.1
_bSha
100 _aShaw, S.B.
245 _aTouching incidents and remarkable answers to prayer
260 _bGrand Rapids: S.B. Publishers.
_c1895
650 _aPrayer
942 _2ddc
_cBK
998 _cbat
_e2011-05-20
999 _c8936
_d8936